Wer raucht was? - Statistiken

Allgemein
  • Dieses Quiz wurde 4 mal gespielt
  • Das Durchschnittsergebnis liegt bei 3 aus 17
Antwortstatistiken
Hint Antwort % Korrekt
Agi Winston
67%
JP Winston
67%
American Spirit
33%
American Spirit
33%
Henny Lucky Strike
33%
Malboro
33%
LPG Boss Pall Mall
33%
John Player Special
0%
John Player Special
0%
Lucky Strike Italian
0%
Lucky Strike Italian
0%
Tim Lucky Strike Italian
0%
Lucky Strike Italian
0%
Lucky Strike Italian
0%
Kai Malboro Mentol
0%
Parliament
0%
Parliament
0%
Keine übereinstimmenden Quizze gefunden
Verteilung der Resultate
Anzahl Personen mit jedem Resultat
Perzentil nach korrekt beantworteten Fragen
Ihre Resultats-Entwicklung
Sie haben dieses Quiz noch nicht gespielt